[Event "40th Olympiad Women"]
[Site "Istanbul TUR"]
[Date "2012.09.05"]
[Round "8.41"]
[Board "3"]
[White "Hereklioglu, Sude"]
[Black "Wafa, Shahenda"]
[Result "1/2-1/2"]
[BlackTitle "WFM"]
[WhiteElo "1586"]
[BlackElo "1830"]
[WhiteTeam "Turkey 2023"]
[BlackTeam "Egypt"]
[WhiteFideId "6359531"]
[BlackFideId "10609962"]
[EventDate "2012.08.28"]

1. Nc3 g6 2. e4 Bg7 3. d3 c5 4. Be3 d6 5. Qd2 Nc6 6. g3 Qb6 7. Rb1 Nf6 8. Bg2
O-O 9. Nf3 Nd4 10. Ne2 Nxe2 11. Qxe2 Qa5+ 12. Qd2 Qxa2 13. O-O Ng4 14. Bg5 Re8
15. h3 Ne5 16. Nxe5 Bxe5 17. Bf4 Bg7 18. Bh6 Bd7 19. Bxg7 Kxg7 20. Qc3+ Kg8 21.
e5 Bc6 22. Bxc6 bxc6 23. exd6 exd6 24. Rfe1 Rab8 25. b3 Qa6 26. Qf6 d5 27. Re7
Rxe7 28. Qxe7 Qa2 29. Rc1 Qb2 30. Qe3 Qd4 31. Qxd4 cxd4 32. Ra1 Rb7 33. Ra6 Rc7
34. Kg2 Kf8 35. Kf3 Ke7 36. Kf4 Kd6 37. Ra5 Ke6 38. g4 h6 39. h4 f6 40. Kg3 g5
41. f4 Kd6 42. h5 Re7 43. fxg5 hxg5 44. Kf2 Ke5 45. Kf3 f5 46. Ra1 Kf6 47. Rf1
Re3+ 48. Kg2 Re2+ 49. Kh3 f4 50. Rc1 Re3+ 51. Kh2 Ke5 52. b4 a6 53. c3 Rxd3 54.
cxd4+ Rxd4 55. Rxc6 Rxb4 56. Rxa6 Rb2+ 57. Kg1 d4 58. h6 Rb7 59. Kf2 d3 60. Ra5+
Kf6 61. Ra6+ Kf7 62. Rd6 Rb3 63. Rd7+ Kg6 64. h7 Rb8 65. Rxd3 Kxh7 66. Rd6 Re8
67. Rd5 Kg6 68. Rd6+ Kf7 69. Rd5 Kf6 70. Rf5+ Kg6 71. Ra5 Re6 72. Rb5 Rc6 73.
Kf1 f3 74. Kf2 Rc3 75. Rf5 Rc4 76. Kxf3 Rc3+ 77. Ke4 1/2-1/2

[Event "40th Olympiad Women"]
[Site "Istanbul TUR"]
[Date "2012.09.05"]
[Round "8.42"]
[Board "2"]
[White "Makhlouf, Youmna"]
[Black "Peng, Jackie"]
[Result "0-1"]
[WhiteTitle "WFM"]
[BlackTitle "WCM"]
[WhiteElo "1950"]
[BlackElo "2009"]
[WhiteTeam "Lebanon"]
[BlackTeam "Canada"]
[WhiteFideId "5300819"]
[BlackFideId "2609819"]
[EventDate "2012.08.28"]

1. d4 Nf6 2. c4 d6 3. Nc3 Nbd7 4. e4 e5 5. Be3 Be7 6. f3 O-O 7. d5 Nc5 8. b4 Na6
9. a3 Nh5 10. Nge2 Bg5 11. Qd2 Bxe3 12. Qxe3 b6 13. Nd1 g6 14. Nf2 f5 15. Nc1 f4
16. Qc3 Nb8 17. c5 bxc5 18. bxc5 Ba6 19. Nb3 Bxf1 20. Kxf1 Nd7 21. Rc1 Rb8 22.
Ke2 Qc8 23. Qd3 dxc5 24. Nxc5 Rb2+ 25. Rc2 Nxc5 0-1

[Event "40th Olympiad Women"]
[Site "Istanbul TUR"]
[Date "2012.09.05"]
[Round "8.42"]
[Board "3"]
[White "Orlova, Yelizaveta"]
[Black "Bedrosian, Danielle"]
[Result "1-0"]
[WhiteTitle "WCM"]
[WhiteElo "1947"]
[BlackElo "1796"]
[WhiteTeam "Canada"]
[BlackTeam "Lebanon"]
[WhiteFideId "2601826"]
[BlackFideId "5300479"]
[EventDate "2012.08.28"]

1. Nf3 Nf6 2. b3 e6 3. Bb2 b6 4. e3 Bb7 5. c4 g6 6. Be2 Bg7 7. O-O O-O 8. d4 d6
9. Nc3 c5 10. Qc2 Qe7 11. Rfd1 Nbd7 12. e4 cxd4 13. Nxd4 Nc5 14. f3 Nh5 15. Qd2
Rad8 16. b4 Na6 17. b5 Nc7 18. Ba3 Ne8 19. Rac1 Be5 20. g3 f5 21. Nc6 Bxc6 22.
bxc6 Qc7 23. exf5 Rxf5 24. Nb5 Qxc6 25. c5 d5 26. cxb6 Qxb6+ 27. Bc5 Qb7 28.
Nxa7 Rf7 29. Rb1 Qa8 30. Nb5 Nc7 31. Qe3 Bg7 32. Nxc7 Rxc7 33. Bb6 Re7 34. Bxd8
Qxd8 35. Qb6 Qd7 36. Bb5 Qc8 37. Qd6 Qf8 38. Be2 Qf7 39. a4 Bf8 40. Rb8 Rb7 41.
Rxb7 Qxb7 42. Qxe6+ Kg7 43. Qxd5 Qa7+ 44. Kh1 Qxa4 45. Bc4 Bb4 46. Rf1 Qc2 47.
Qe4 Qc3 48. Qd3 Qe5 49. f4 Qc7 50. f5 Nf6 51. fxg6 Qc6+ 52. Qf3 1-0

[Event "40th Olympiad Women"]
[Site "Istanbul TUR"]
[Date "2012.09.05"]
[Round "8.43"]
[Board "1"]
[White "Samaganova, Alexandra"]
[Black "Gjergji, Rozana"]
[Result "0-1"]
[WhiteElo "2057"]
[BlackElo "1924"]
[WhiteTeam "Kyrgyzstan"]
[BlackTeam "Albania"]
[WhiteFideId "13800221"]
[BlackFideId "4700147"]
[EventDate "2012.08.28"]

1. c4 e5 2. Nc3 f5 3. Nf3 d6 4. g3 Nf6 5. Bg2 Be7 6. d3 O-O 7. Rb1 c6 8. b4 Kh8
9. b5 e4 10. Nd4 d5 11. bxc6 Nxc6 12. Nxc6 bxc6 13. cxd5 cxd5 14. dxe4 fxe4 15.
O-O Ba6 16. Qa4 Bc4 17. Rd1 Bc5 18. e3 Qe7 19. Rb2 Rac8 20. Rbd2 Bd3 21. Bb2 Bb4
22. Rc1 Rc4 23. Qb3 Rfc8 24. a3 Ba5 25. Bh3 R8c6 26. Bf1 Bxf1 27. Kxf1 Qc7 28.
Rdc2 Qc8 29. Kg2 h6 30. h3 R6c5 31. Kh2 Nd7 32. Kg2 Nb6 33. h4 Rc6 34. h5 Qg4
35. Nb5 Qf3+ 36. Kh2 Qxh5+ 37. Kg2 Qf3+ 38. Kh2 Rg6 39. Rg1 Rg5 40. g4 Rxg4 41.
Rxg4 Qxg4 42. Nd4 Rxc2 43. Nxc2 Nc4 44. Qb8+ Kh7 45. Bd4 Nd2 0-1

[Event "40th Olympiad Women"]
[Site "Istanbul TUR"]
[Date "2012.09.05"]
[Round "8.43"]
[Board "2"]
[White "Pasku, Roela"]
[Black "Omurbekova, Diana"]
[Result "1-0"]
[WhiteTitle "WFM"]
[WhiteElo "1915"]
[BlackElo "1697"]
[WhiteTeam "Albania"]
[BlackTeam "Kyrgyzstan"]
[WhiteFideId "4700708"]
[BlackFideId "13800752"]
[EventDate "2012.08.28"]

1. d4 Nf6 2. Nf3 g6 3. c4 Bg7 4. Nc3 O-O 5. e4 d6 6. Be2 e5 7. Bg5 Nbd7 8. d5 h6
9. Bh4 a6 10. Nd2 c5 11. dxc6 bxc6 12. Nb3 Qc7 13. Rc1 Rd8 14. O-O Nf8 15. Qd2
Kh7 16. Rfd1 Be6 17. Qe3 g5 18. Bg3 Ng6 19. f3 Nf4 20. Bf1 c5 21. Rd2 Rab8 22.
Rcd1 h5 23. Qe1 Bh6 24. Bf2 Ng6 25. Be3 Nf4 26. Bxf4 exf4 27. e5 Ne8 28. exd6
Nxd6 29. Qe5 Rb6 30. Ne4 Bg7 31. Qxg5 Rd7 32. Nexc5 Re7 33. Qxh5+ Bh6 34. Nxe6
Rxe6 35. c5 Rb8 36. Rxd6 Rbe8 37. Rd7 Qe5 38. Qxe5 Rxe5 39. Rxf7+ Kg8 40. Rdd7
Bf8 41. Bc4 1-0

[Event "40th Olympiad Women"]
[Site "Istanbul TUR"]
[Date "2012.09.05"]
[Round "8.43"]
[Board "3"]
[White "Tilenbaev, Baktygul"]
[Black "Tuzi, Bruna"]
[Result "1-0"]
[WhiteElo "1940"]
[BlackElo "1546"]
[WhiteTeam "Kyrgyzstan"]
[BlackTeam "Albania"]
[WhiteFideId "13800639"]
[BlackFideId "4701100"]
[EventDate "2012.08.28"]

1. e4 c5 2. Nc3 Nc6 3. f4 g6 4. Nf3 Bg7 5. Bc4 e6 6. O-O Nge7 7. d3 Na5 8. Bb3
Nxb3 9. axb3 d6 10. Qe1 O-O 11. Qg3 Nc6 12. Nd1 Nd4 13. Nxd4 Bxd4+ 14. Ne3 d5
15. e5 f5 16. c3 Bxe3+ 17. Bxe3 d4 18. Bf2 Qd5 19. c4 Qd8 20. Qh3 b6 21. Bh4 Qc7
22. Rf3 Bb7 23. Rg3 Qf7 24. Bf6 a5 25. Qh6 Rfb8 26. h4 1-0

[Event "40th Olympiad Women"]
[Site "Istanbul TUR"]
[Date "2012.09.05"]
[Round "8.43"]
[Board "4"]
[White "Driza, Arta"]
[Black "Alymbay, Kyzy Aizhan"]
[Result "1-0"]
[WhiteTitle "WCM"]
[WhiteElo "1943"]
[BlackElo "1810"]
[WhiteTeam "Albania"]
[BlackTeam "Kyrgyzstan"]
[WhiteFideId "4700694"]
[BlackFideId "13800043"]
[EventDate "2012.08.28"]

1. e4 c5 2. Nf3 e6 3. d4 cxd4 4. Nxd4 Nf6 5. Nc3 d6 6. Bg5 Be7 7. f4 O-O 8. Qf3
a6 9. O-O-O Qc7 10. g4 Nc6 11. Nxc6 bxc6 12. Bxf6 Bxf6 13. g5 Be7 14. h4 Rb8 15.
f5 f6 16. g6 h6 17. b3 Qa5 18. Bh3 e5 19. Bf1 Kh8 20. Bc4 Bb7 21. Kb1 Qb4 22.
Be6 a5 23. Rh2 Ba6 24. Ka1 Bd8 25. Na4 Bc7 26. c3 Qb7 27. c4 Rfd8 28. Rhd2 Ra8
29. Qc3 Qa7 30. c5 dxc5 31. Nxc5 Rxd2 32. Rxd2 Bb6 33. Rd7 Qb8 34. Nxa6 Rxa6 35.
Qc4 Qa8 36. Rf7 Ra7 37. Rxa7 Bxa7 38. Bd7 Bd4+ 39. Kb1 c5 40. Qd5 Qg8 41. Be6
Qb8 42. Qc6 Qd8 43. Bf7 Bf2 44. Bd5 Qb8 45. h5 Bd4 46. Kc2 Bg1 47. Kd3 Bd4 48.
Be6 Qd8 49. Bd7 Qb8 50. Bc8 c4+ 51. Kc2 cxb3+ 52. axb3 Qxb3+ 53. Kxb3 a4+ 54.
Kxa4 1-0

[Event "40th Olympiad Women"]
[Site "Istanbul TUR"]
[Date "2012.09.05"]
[Round "8.44"]
[Board "1"]
[White "Al-khelaifi, Aisha"]
[Black "Baklanova, Tatiana"]
[Result "0-1"]
[BlackTitle "WIM"]
[WhiteElo "1688"]
[BlackElo "2220"]
[WhiteTeam "Qatar"]
[BlackTeam "ICSC"]
[WhiteFideId "12100625"]
[BlackFideId "14100754"]
[EventDate "2012.08.28"]

1. e4 c5 2. Nf3 Nc6 3. Bb5 g6 4. Bxc6 dxc6 5. h3 Bg7 6. d3 e5 7. Nc3 Qe7 8. Be3
Nf6 9. O-O Nd7 10. Re1 O-O 11. Qd2 Rd8 12. Qc1 Nf8 13. Bh6 f6 14. Bxg7 Kxg7 15.
Nh2 Ne6 16. Ne2 Qc7 17. Ng4 Nf4 18. Qe3 h5 19. Nh2 Ne6 20. Rf1 Nd4 21. Nxd4 cxd4
22. Qg3 Be6 23. f4 exf4 24. Qxf4 Qxf4 25. Rxf4 c5 26. Raf1 Rf8 27. b3 b5 28. g4
hxg4 29. Nxg4 f5 30. Nf2 g5 31. Rf3 f4 32. Kh2 Rf6 33. Rg1 Rg6 34. Ng4 Rh8 35.
e5 Rh4 36. Rg2 Bd5 37. Rff2 Bxg2 38. Kxg2 Re6 39. Re2 Kg6 40. Nf6 Rh8 41. Nd7
Rc8 42. Kf3 Kf5 43. Re4 Rc7 44. Nf6 Rxe5 45. Ng4 Rxe4 46. dxe4+ Ke6 47. Nf2 c4
48. b4 Rd7 49. Ke2 Rd6 50. Ng4 Ra6 51. Kd2 Rxa2 52. Kc1 Ra3 53. Nf2 Rf3 54. Nd1
Rxh3 55. Kd2 Rh2+ 56. Kc1 Rh1 57. Kd2 c3+ 0-1

[Event "40th Olympiad Women"]
[Site "Istanbul TUR"]
[Date "2012.09.05"]
[Round "8.44"]
[Board "2"]
[White "Botalova, Yulia"]
[Black "Al-khulaifi, Fatima A."]
[Result "1-0"]
[WhiteTitle "WFM"]
[WhiteElo "1949"]
[BlackElo "1583"]
[WhiteTeam "ICSC"]
[BlackTeam "Qatar"]
[WhiteFideId "24132535"]
[BlackFideId "12100382"]
[EventDate "2012.08.28"]

1. e4 e5 2. Nf3 Nf6 3. Nxe5 d6 4. Nf3 Nxe4 5. Qe2 Qe7 6. d3 Nf6 7. Bg5 Nbd7 8.
Nc3 Qxe2+ 9. Bxe2 h6 10. Bd2 Nb6 11. O-O Bd7 12. Nd4 O-O-O 13. Bf3 a6 14. Rfe1
g5 15. g3 Bg7 16. Nb3 Bc6 17. Bxc6 bxc6 18. Na5 Kd7 19. Re2 Rde8 20. Rae1 Rxe2
21. Rxe2 Nfd5 22. Nxd5 Nxd5 23. c3 Rb8 24. Bc1 Rb5 25. Nb3 Nb6 26. Nd2 Na4 27.
Nc4 d5 28. Ne3 d4 29. cxd4 Bxd4 30. Nc4 Rd5 31. Rd2 Nc5 32. Kf1 Rf5 33. Kg2 g4
34. Ne3 Bxe3 35. fxe3 Rf3 36. Rd1 Ke6 37. b4 Na4 38. Rf1 Rxf1 39. Kxf1 f5 40.
Ke1 Nc3 41. a3 c5 42. bxc5 Kd5 43. Bd2 Nb1 44. Bb4 c6 45. Kd1 a5 46. Kc2 axb4
47. Kxb1 Kxc5 48. Kb2 bxa3+ 49. Kxa3 Kd5 50. Kb4 Kd6 51. Kc4 c5 52. Kb3 Kd5 53.
Kc3 Kd6 54. Kc4 Kc6 55. Kb3 Kd5 56. Kc3 Kd6 57. Kc4 Kc6 58. d4 cxd4 59. Kxd4 Kd6
60. e4 fxe4 61. Kxe4 Ke6 62. Kf4 Kf6 63. Kxg4 Kg6 64. h3 h5+ 65. Kf4 Kf6 66. h4
Kg6 67. Ke5 Kh6 68. Kf6 Kh7 69. Kg5 Kg7 70. Kxh5 Kh7 71. g4 Kg7 72. Kg5 Kh7 73.
Kf6 Kg8 74. Kg6 Kh8 75. Kf7 Kh7 76. g5 Kh8 77. h5 1-0

[Event "40th Olympiad Women"]
[Site "Istanbul TUR"]
[Date "2012.09.05"]
[Round "8.44"]
[Board "3"]
[White "Safar, Alshaymaa"]
[Black "Gerasimova, Olga"]
[Result "0-1"]
[WhiteTitle "WCM"]
[BlackTitle "WIM"]
[WhiteElo "1575"]
[BlackElo "2087"]
[WhiteTeam "Qatar"]
[BlackTeam "ICSC"]
[WhiteFideId "12100510"]
[BlackFideId "24109622"]
[EventDate "2012.08.28"]

1. d4 Nf6 2. Nc3 d5 3. Bg5 Nbd7 4. Nf3 b6 5. e3 Bb7 6. Bd3 h6 7. Bf4 a6 8. h3 e6
9. a3 Be7 10. Qe2 c5 11. Qd2 b5 12. dxc5 Nxc5 13. Be2 Nce4 14. Nxe4 Nxe4 15. Qd1
O-O 16. Nd4 Bf6 17. Nb3 Bxb2 18. Bf3 Bxa1 19. Nxa1 Qa5+ 20. Kf1 Qd2 21. Qxd2
Nxd2+ 22. Ke2 Nxf3 23. gxf3 f6 24. Rg1 Kf7 25. Nb3 e5 26. Bh2 Rac8 27. Rc1 Rc3
28. Kd2 Rfc8 29. Na1 d4 30. exd4 Rxf3 31. Bg3 exd4 32. Nb3 Rd8 33. Nc5 Bc8 34.
Nd3 Bxh3 35. Nf4 Bf5 36. Ra1 Rc3 37. Ra2 Rdc8 0-1

[Event "40th Olympiad Women"]
[Site "Istanbul TUR"]
[Date "2012.09.05"]
[Round "8.44"]
[Board "4"]
[White "Myronenko, Natalya"]
[Black "Al-Khelaifi, Kholoud"]
[Result "1-0"]
[WhiteElo "1891"]
[BlackElo "1498"]
[WhiteTeam "ICSC"]
[BlackTeam "Qatar"]
[WhiteFideId "14124530"]
[BlackFideId "12100145"]
[EventDate "2012.08.28"]

1. e4 e5 2. Nf3 Nc6 3. Bc4 Bc5 4. c3 Nf6 5. d3 a6 6. Bb3 d6 7. O-O O-O 8. Nbd2
Ba7 9. Bc2 Kh8 10. Nc4 Ng8 11. Ne3 Nce7 12. d4 Ng6 13. Nf5 N8e7 14. dxe5 Nxf5
15. exf5 Nxe5 16. Nxe5 dxe5 17. Be3 Qf6 18. Qh5 Bxe3 19. fxe3 Qb6 20. Kh1 Qxb2
21. Bb3 f6 22. Rad1 Qxc3 23. Rf3 c5 24. Rh3 h6 25. e4 Qa5 26. Qg6 Qc7 27. Rxh6+
gxh6 28. Qxh6+ Qh7 29. Qxf8+ Qg8 30. Qxg8# 1-0

[Event "40th Olympiad Women"]
[Site "Istanbul TUR"]
[Date "2012.09.05"]
[Round "8.45"]
[Board "1"]
[White "Olatunji, Oluwatobiloba"]
[Black "Tembo, Epah"]
[Result "1-0"]
[BlackTitle "WCM"]
[WhiteElo "1818"]
[BlackElo "1927"]
[WhiteTeam "Nigeria"]
[BlackTeam "Zambia"]
[WhiteFideId "8500924"]
[BlackFideId "8700125"]
[EventDate "2012.08.28"]

1. c4 Nf6 2. Nf3 e6 3. Nc3 c5 4. d4 cxd4 5. Nxd4 Be7 6. e3 a6 7. Be2 O-O 8. O-O
Bd6 9. Nf3 Bc7 10. b3 d6 11. Bb2 b6 12. Qc2 Bb7 13. Rfd1 Qe7 14. Ng5 Nbd7 15.
Bf3 Bxf3 16. Nxf3 Rac8 17. Rac1 Ne8 18. Qe4 Nc5 19. Qd4 f5 20. Qh4 Qf7 21. g3
Bd8 22. Qh3 Rc7 23. Rc2 Qg6 24. Ne5 Qf6 25. Rcd2 Be7 26. Nd3 Qf7 27. Nxc5 bxc5
28. Qg2 Bf6 29. Qa8 Ra7 30. Qc6 Qb7 31. Qxb7 Rxb7 32. Kg2 Rbf7 33. Na4 Bxb2 34.
Rxb2 e5 35. f4 h6 36. h4 e4 37. Nb6 Rb7 38. Nc8 Nf6 39. Nxd6 Rd7 40. Rbd2 Rfd8
41. Kf2 g6 42. Ke2 Re7 43. Nxe4 Rxd2+ 44. Nxd2 Ng4 45. Nf1 Rb7 46. Rd5 a5 47.
Rxc5 a4 48. Rb5 Rc7 49. Ra5 axb3 50. axb3 Kf7 51. Rd5 h5 52. Rd4 Nf6 53. Nd2 Re7
54. b4 Ke6 55. c5 Nd5 56. e4 Nc3+ 57. Kd3 Nb5 58. exf5+ gxf5 59. Rd8 Rg7 60. Nf1
Nc7 61. Rd6+ Kf7 62. Rd7+ Kf6 63. Rxg7 Kxg7 64. Kc4 Kf7 65. b5 Ke8 66. b6 Na6
67. c6 1-0

[Event "40th Olympiad Women"]
[Site "Istanbul TUR"]
[Date "2012.09.05"]
[Round "8.45"]
[Board "3"]
[White "Akintola, Olufunmilayo"]
[Black "Mbatha, Constance"]
[Result "1-0"]
[WhiteElo "1747"]
[BlackElo "1746"]
[WhiteTeam "Nigeria"]
[BlackTeam "Zambia"]
[WhiteFideId "8500886"]
[BlackFideId "8700591"]
[EventDate "2012.08.28"]

1. e4 e5 2. Nf3 d6 3. h3 Nf6 4. Nc3 Be7 5. Bc4 h6 6. d3 Nc6 7. a3 Bd7 8. Be3 O-O
9. O-O Be6 10. Bb5 Nb8 11. d4 c6 12. Be2 Nbd7 13. Re1 exd4 14. Nxd4 Qc7 15. Bd3
Ne5 16. Nf3 Nxd3 17. Qxd3 Rad8 18. Rad1 Nd7 19. Nd4 Ne5 20. Qe2 Bc4 21. Qh5 Be6
22. Bxh6 gxh6 23. Qxh6 c5 24. Nxe6 fxe6 25. Qxe6+ Kg7 26. Nd5 Qd7 27. Qxe7+ Qxe7
28. Nxe7 Rd7 29. Nf5+ Rxf5 30. exf5 Kf6 31. Rd5 Nf7 32. Re6+ Kg7 33. g4 Kf8 34.
Kg2 b5 35. h4 a5 36. b4 cxb4 37. Rxb5 Ra7 38. Re3 Ne5 39. Rbxe5 dxe5 40. axb4 a4
41. Ra3 Kf7 42. Kg3 Kf6 43. c4 Rc7 44. Rxa4 Rxc4 45. Ra6+ Kf7 46. Re6 e4 47. b5
Rb4 48. b6 Rb5 49. Rxe4 Rxb6 50. Kf4 Rb8 51. f3 Rh8 52. Kg3 Rd8 53. g5 Rd7 54.
f6 Rd8 55. h5 Rd5 56. f4 Rd8 57. Re7+ Kf8 58. Ra7 Rb8 59. g6 1-0

[Event "40th Olympiad Women"]
[Site "Istanbul TUR"]
[Date "2012.09.05"]
[Round "8.47"]
[Board "2"]
[White "Roy, Ali"]
[Black "Lebel-Arias, Julia"]
[Result "1-0"]
[BlackTitle "WIM"]
[WhiteElo "1836"]
[BlackElo "1892"]
[WhiteTeam "Scotland"]
[BlackTeam "Monaco"]
[WhiteFideId "2400456"]
[BlackFideId "602019"]
[EventDate "2012.08.28"]

1. Nf3 g6 2. c4 Bg7 3. Nc3 c6 4. e3 d6 5. d4 Nd7 6. Be2 Ngf6 7. O-O O-O 8. b3
Qc7 9. Bb2 Re8 10. Qc2 e5 11. Rad1 a5 12. Rfe1 exd4 13. exd4 Nf8 14. d5 Bf5 15.
Qc1 c5 16. Qa1 N8d7 17. Nb5 Qb6 18. Nh4 a4 19. Nxf5 gxf5 20. Qb1 axb3 21. axb3
Re7 22. Bd3 Rxe1+ 23. Rxe1 Re8 24. Bxf5 Nf8 25. Rxe8 Nxe8 26. g3 Nc7 27. Bxg7
Kxg7 28. Qa1+ Kg8 29. Qa7 Qxa7 30. Nxa7 Kg7 31. Bc8 b6 32. Bg4 Kf6 33. f4 Ne8
34. Nc8 h6 35. Nxb6 Ke7 36. Kf2 Kd8 37. Ke3 Kc7 38. Na4 Ng6 39. Nc3 Nf6 40. Bf5
Ne7 41. Nb5+ Kb6 42. Nxd6 Ka5 43. h3 Kb4 44. Bc2 Kc3 45. Bd1 Kb4 46. g4 Nfxd5+
47. cxd5 Nxd5+ 48. Kf3 1-0

[Event "40th Olympiad Women"]
[Site "Istanbul TUR"]
[Date "2012.09.05"]
[Round "8.47"]
[Board "3"]
[White "Chung, Mathilde"]
[Black "Durno, Joy"]
[Result "1/2-1/2"]
[BlackTitle "WFM"]
[WhiteElo "1794"]
[BlackElo "1863"]
[WhiteTeam "Monaco"]
[BlackTeam "Scotland"]
[WhiteFideId "676446"]
[BlackFideId "2403501"]
[EventDate "2012.08.28"]

1. d4 Nf6 2. c4 e6 3. Nc3 c5 4. d5 exd5 5. cxd5 d6 6. Nf3 g6 7. Bf4 a6 8. a4 Bg7
9. h3 O-O 10. e3 Qc7 11. Be2 Nbd7 12. O-O Re8 13. Nd2 Ne5 14. Bxe5 Rxe5 15. Nc4
Re8 16. a5 Bd7 17. Na4 Rad8 18. Nab6 Bb5 19. Rc1 Bxc4 20. Nxc4 Nd7 21. Qa4 b5
22. axb6 Nxb6 23. Nxb6 Qxb6 24. b3 Ra8 25. Bc4 Reb8 26. Rc2 a5 27. Rfc1 Qb4 28.
Qc6 Qb6 29. Ra2 Ra7 30. Kf1 Bf6 31. f4 h5 32. g3 Kg7 33. Ke2 Qd8 34. Qa4 Rb4 35.
Qa3 Qe8 36. Rd1 Qe4 37. Kf2 a4 38. Qc1 Qe7 39. Rxa4 Raxa4 40. bxa4 Rxa4 41. Qc2
Qa7 42. Kf3 Ra3 43. Rd3 Ra1 44. Rd1 Qa5 45. Rxa1 Qxa1 46. Qa2 Qh1+ 47. Qg2 Qc1
48. Qe2 Bc3 49. Kg2 Bd2 50. e4 Bc3 51. e5 Bd4 52. exd6 Qg1+ 53. Kf3 Qh1+ 54. Qg2
Qe1 55. Qe2 Qh1+ 1/2-1/2

[Event "40th Olympiad Women"]
[Site "Istanbul TUR"]
[Date "2012.09.05"]
[Round "8.47"]
[Board "4"]
[White "Lampard, Alice"]
[Black "Lomandong Noela-Joyce"]
[Result "1/2-1/2"]
[WhiteElo "1593"]
[BlackElo "1516"]
[WhiteTeam "Scotland"]
[BlackTeam "Monaco"]
[WhiteFideId "2402750"]
[BlackFideId "5400384"]
[EventDate "2012.08.28"]

1. e4 e5 2. Bc4 Nf6 3. d3 d6 4. Nf3 Be7 5. Nbd2 O-O 6. O-O Nc6 7. a4 Bg4 8. c3
Nd7 9. b4 Nb6 10. Bb3 Bg5 11. h3 Bh5 12. Re1 Qf6 13. Nf1 Bxc1 14. Rxc1 Kh8 15.
Ng3 Bg6 16. Qd2 h6 17. a5 Nd7 18. Bd5 a6 19. Bb3 Nd8 20. Qe2 Ne6 21. Qe3 Qf4 22.
Qxf4 Nxf4 23. Bc2 Bh7 24. Ne2 Nxe2+ 25. Rxe2 f5 26. exf5 Bxf5 27. Nh4 Bh7 28. d4
Bxc2 29. Rcxc2 Rf6 30. Nf3 exd4 31. Nxd4 Ne5 1/2-1/2

[Event "40th Olympiad Women"]
[Site "Istanbul TUR"]
[Date "2012.09.05"]
[Round "8.48"]
[Board "1"]
[White "Vilhete, Vania Fausto Da T."]
[Black "Gedvilaite, Monika"]
[Result "0-1"]
[WhiteElo "1816"]
[BlackElo "1985"]
[WhiteTeam "Mozambique"]
[BlackTeam "Ireland"]
[WhiteFideId "14800144"]
[BlackFideId "12809780"]
[EventDate "2012.08.28"]

1. d4 Nf6 2. c4 g6 3. Nc3 Bg7 4. e4 d6 5. Be2 O-O 6. Nf3 Nbd7 7. Bg5 c5 8. d5 h6
9. Bh4 Nh5 10. Qd2 g5 11. Bg3 Qa5 12. Qc2 Ndf6 13. Nd2 Nxg3 14. hxg3 Ng4 15. Nf3
Bd4 16. O-O Bg7 17. Nd1 Bd7 18. Nh2 Nxh2 19. Kxh2 Ba4 20. Qc1 b5 21. Ne3 bxc4
22. Bxc4 Bd7 23. Rb1 Rab8 24. Bb3 Qb4 25. Qc4 a5 26. Rfc1 a4 27. Bd1 Bxb2 28.
Rc2 a3 29. Qxb4 Rxb4 30. Rc4 Bb5 31. Rxb4 cxb4 32. Bc2 Rc8 33. Rd1 Rxc2 34. Nxc2
Ba4 35. Rd2 Bxc2 36. Rxc2 b3 37. axb3 a2 38. Rxb2 a1=Q 39. Re2 Qf1 40. Rb2 Qd3
41. f3 Qc3 42. Rb1 Qc2 43. Ra1 Qxb3 44. Ra7 e6 45. dxe6 fxe6 46. Ra6 Qd3 47. Ra7
d5 48. exd5 exd5 0-1

[Event "40th Olympiad Women"]
[Site "Istanbul TUR"]
[Date "2012.09.05"]
[Round "8.49"]
[Board "2"]
[White "Smith, Javanna"]
[Black "de Leon, Patricia"]
[Result "0-1"]
[WhiteTitle "WCM"]
[WhiteElo "1689"]
[BlackElo "1841"]
[WhiteTeam "Trinidad & Tobago"]
[BlackTeam "Uruguay"]
[WhiteFideId "7700466"]
[BlackFideId "3000273"]
[EventDate "2012.08.28"]

1. e4 e6 2. d4 d5 3. Nd2 Nf6 4. e5 Nfd7 5. c3 c5 6. Bd3 Nc6 7. Ndf3 cxd4 8. cxd4
f6 9. exf6 Nxf6 10. Ne2 Qc7 11. O-O Bd6 12. Ng3 O-O 13. a3 a5 14. Qc2 Qb6 15.
Ne2 Bd7 16. Be3 Rac8 17. Qb1 Qc7 18. Ng3 Qb8 19. Ng5 h6 20. Nf3 Ng4 21. Bh7+ Kh8
22. Nh4 Ne7 23. Nh5 Nxe3 24. Ng6+ Nxg6 25. Qxg6 Nf5 26. g4 Be8 27. Qxe6 Bxh2+
28. Kh1 Kxh7 0-1

[Event "40th Olympiad Women"]
[Site "Istanbul TUR"]
[Date "2012.09.05"]
[Round "8.49"]
[Board "3"]
[White "Costa, Anaclara"]
[Black "Johnson, Gabriella"]
[Result "1/2-1/2"]
[WhiteElo "1673"]
[BlackElo "1550"]
[WhiteTeam "Uruguay"]
[BlackTeam "Trinidad & Tobago"]
[WhiteFideId "3005666"]
[BlackFideId "7701128"]
[EventDate "2012.08.28"]

1. d4 c5 2. d5 d6 3. c4 g6 4. e4 Bg7 5. Bd3 Nf6 6. h3 O-O 7. Ne2 a6 8. Nbc3 Nbd7
9. f4 e5 10. Ng3 Qb6 11. f5 Rb8 12. h4 Qa5 13. Bd2 b5 14. cxb5 axb5 15. Nxb5 Qa6
16. Qe2 Qb6 17. a4 Ba6 18. Rb1 Bxb5 19. Bxb5 Qd8 20. a5 h5 21. Bc6 Nb6 22. axb6
Qxb6 23. O-O Ng4 24. Qc4 Bf6 25. Bg5 Bxg5 26. hxg5 Ne3 27. Qc3 Nxf1 28. Nxf1 Qb3
29. Qxb3 Rxb3 30. f6 Rfb8 31. Nd2 Rg3 1/2-1/2

[Event "40th Olympiad Women"]
[Site "Istanbul TUR"]
[Date "2012.09.05"]
[Round "8.50"]
[Board "1"]
[White "Madrigal, Ana Daniela"]
[Black "Baktach, Nesrine"]
[Result "1-0"]
[WhiteTitle "WFM"]
[WhiteElo "2026"]
[BlackElo "1760"]
[WhiteTeam "Nicaragua"]
[BlackTeam "Tunisia"]
[WhiteFideId "6101097"]
[BlackFideId "5501628"]
[EventDate "2012.08.28"]

1. d4 d5 2. c4 e6 3. Nc3 Nf6 4. cxd5 exd5 5. Bg5 c6 6. Qc2 Bd6 7. e3 O-O 8. Bd3
h6 9. Bh4 Be6 10. Nge2 Nbd7 11. f3 Be7 12. O-O Rc8 13. e4 Ne8 14. Bxe7 Qxe7 15.
Rae1 Qd8 16. Qd2 Nc7 17. Bb1 Nb6 18. Qd3 f5 19. Nf4 dxe4 20. Qd1 Bc4 21. Rf2
exf3 22. Rxf3 Qd7 23. Ng6 Rf7 24. Ne5 Qd6 25. Nxf7 Bxf7 26. Rxf5 Rd8 27. Ref1
Bc4 28. R1f2 Ne6 29. b3 Ba6 30. Qc2 Nxd4 31. Rf8+ 1-0

[Event "40th Olympiad Women"]
[Site "Istanbul TUR"]
[Date "2012.09.05"]
[Round "8.50"]
[Board "2"]
[White "Matoussi, Amani"]
[Black "Mendieta, Kathya"]
[Result "1/2-1/2"]
[BlackTitle "WCM"]
[WhiteElo "1581"]
[BlackElo "1763"]
[WhiteTeam "Tunisia"]
[BlackTeam "Nicaragua"]
[WhiteFideId "5501156"]
[BlackFideId "6101496"]
[EventDate "2012.08.28"]

1. e4 c5 2. c3 d6 3. d4 cxd4 4. cxd4 Nf6 5. Nc3 g6 6. f4 Bg7 7. Nf3 O-O 8. Bd3
Nc6 9. O-O Bg4 10. Be3 Rc8 11. h3 Bxf3 12. Qxf3 Nb4 13. Bb1 Nd7 14. e5 b6 15. a3
Nc6 16. Ba2 dxe5 17. dxe5 e6 18. Rad1 Qe7 19. Ne4 Na5 20. Rc1 Nb8 21. Nd6 Rc7
22. Rxc7 Qxc7 23. Rc1 Qd7 24. b4 Nac6 25. Bc4 Bxe5 26. fxe5 Nxe5 27. Qd1 Rd8 28.
Bf4 Nbc6 29. Be2 f6 30. Ne4 Qe7 31. Qf1 Nd4 32. Bxe5 fxe5 33. Bc4 Kg7 34. Nf6
Qxb4 35. axb4 b5 36. Ne4 Ne2+ 37. Kh2 Nf4 38. Ba2 Rd3 39. Nc5 Rd2 40. Nxe6+ Nxe6
41. Bxe6 Rd6 42. Bg4 Kh6 43. Bc8 a6 44. Qxb5 axb5 45. Bd7 Kg5 46. Kg3 h6 47. h4+
Kf6 48. Kf3 h5 49. Ke3 g5 50. g3 gxh4 51. gxh4 Kg7 1/2-1/2